000 00437nam a22001697a 4500
003 MACL
005 20160730144801.0
008 160730b xxu||||| |||| 00| 0 eng d
040 _cMACL
041 _aHindi
082 _a320
100 _aBharatiya Vidya
_965795
245 _aIndian Culture Vol 2
_bReligion And Ethics
260 _aKolkata
_bBharatiya Vidya Mandir
_c2010
650 _aIndian Culture
_912416
942 _2ddc
_cBK
999 _c55359
_d55359